[Event "TIPC 2010"]
[Site "Charleroi"]
[Date "2010.08.05"]
[Round "7.5"]
[White "Maraite, Grégory"]
[Black "Van Der Stricht, Geert"]
[Result "0-1"]
[WhiteElo "2098"]
[BlackElo "2393"]
[PlyCount "72"]

1. e4 c6 2. d4 d5 3. exd5 cxd5 4. c4 Nf6 5. Nc3 e6 6. Nf3 Bb4 7. Bg5 Bxc3+ 8.
bxc3 Qa5 9. Bd2 Ne4 10. Bd3 Nxd2 11. Qxd2 dxc4 12. Bxc4 b5 13. Be2 Nd7 14. O-O
O-O 15. Rfe1 Bb7 16. Rab1 Bc6 17. Bd3 Rab8 18. Ne5 Nxe5 19. Rxe5 Bd5 20. Rb2
Rfc8 21. Re3 g6 22. Bb1 Qc7 23. h4 Qf4 24. Bd3 a6 25. g3 Qc7 26. Bc2 Rb6 27. a4
bxa4 28. Bxa4 h5 29. Bd1 Rxb2 30. Qxb2 Rb8 31. Qc1 Qc6 32. c4 Qxc4 33. Qxc4
Bxc4 34. Be2 Bd5 35. f3 Rb1+ 36. Kf2 Ra1 0-1

[Event "TIPC 2010"]
[Site "Charleroi"]
[Date "2010.08.05"]
[Round "7.6"]
[White "Russo, Julien"]
[Black "Bolzoni, Victor-Angel"]
[Result "1/2-1/2"]
[WhiteElo "2084"]
[BlackElo "2240"]
[PlyCount "45"]

1. e4 c5 2. Nf3 Nc6 3. Bb5 e6 4. O-O Nge7 5. c3 a6 6. Ba4 d5 7. exd5 Qxd5 8. d4
Ng6 9. Be3 b5 10. Bb3 c4 11. Bc2 Be7 12. Nbd2 O-O 13. Be4 Qd7 14. Ne5 Ngxe5 15.
dxe5 Rb8 16. f4 f5 17. exf6 Bxf6 18. Qc2 g6 19. Rad1 Qe8 20. Nf3 Bb7 21. Rd2
Qe7 22. Rfd1 Rfd8 23. a3 1/2-1/2

[Event "TIPC 2010"]
[Site "Charleroi"]
[Date "2010.08.05"]
[Round "7.7"]
[White "Hulpia, Fabian"]
[Black "Godart, François"]
[Result "1/2-1/2"]
[WhiteElo "2069"]
[BlackElo "2240"]
[PlyCount "65"]

1. e4 c6 2. d4 d5 3. Nc3 dxe4 4. Nxe4 Bf5 5. Ng3 Bg6 6. h4 h6 7. Nf3 Nd7 8. h5
Bh7 9. Bd3 Bxd3 10. Qxd3 e6 11. Bd2 Qc7 12. O-O-O O-O-O 13. Qe2 Bd6 14. Ne4 Bf4
15. Kb1 Ngf6 16. g3 Bxd2 17. Nfxd2 Rhe8 18. Qf3 Kb8 19. Qa3 Ng4 20. f3 Ngf6 21.
Nd6 Rf8 22. N2c4 Nb6 23. Nxb6 axb6 24. Ne4 Nxe4 25. fxe4 f5 26. Rhf1 Rf7 27.
exf5 exf5 28. Qe3 Qe7 29. Qf4+ Qd6 30. c3 Qxf4 31. Rxf4 Rd6 32. Rdf1 Rdf6 33.
Kc2 1/2-1/2

[Event "TIPC 2010"]
[Site "Charleroi"]
[Date "2010.08.05"]
[Round "7.8"]
[White "César, André"]
[Black "Lacroix, Bruno"]
[Result "0-1"]
[WhiteElo "1788"]
[BlackElo "2165"]
[PlyCount "38"]

1. d4 e6 2. c4 f5 3. Nf3 Nf6 4. Nc3 Bb4 5. g3 O-O 6. Bg2 d6 7. O-O Bxc3 8. bxc3
Qe8 9. Ba3 Na6 10. Qc2 Ne4 11. Rfe1 Rf6 12. Nd2 Nxd2 13. Qxd2 Qa4 14. Bb4 c5
15. dxc5 dxc5 16. Qd8+ Rf8 17. Qa5 Qxa5 18. Bxa5 Rb8 19. Rad1 b6 0-1

[Event "TIPC 2010"]
[Site "Charleroi"]
[Date "2010.08.05"]
[Round "7.9"]
[White "Van Mechelen, Jan"]
[Black "Van Vlaanderen, Koen"]
[Result "1/2-1/2"]
[WhiteElo "2278"]
[BlackElo "2056"]
[PlyCount "35"]

1. e4 e5 2. Nf3 Nc6 3. Bc4 Bc5 4. c3 Nf6 5. d3 d6 6. Bb3 O-O 7. O-O d5 8. exd5
Nxd5 9. Re1 Bg4 10. h3 Bh5 11. Nbd2 Nf4 12. d4 exd4 13. Ne4 Bd6 14. Ng3 Bg6 15.
Bxf4 Bxf4 16. Ne2 Bd6 17. Nexd4 Nxd4 18. Qxd4 1/2-1/2

[Event "TIPC 2010"]
[Site "Charleroi"]
[Date "2010.08.05"]
[Round "7.10"]
[White "Hautot, Stéphane"]
[Black "Audin, Thierry"]
[Result "1-0"]
[WhiteElo "2422"]
[BlackElo "2011"]
[PlyCount "79"]

1. e4 e6 2. d4 d5 3. Nc3 Bb4 4. e5 c5 5. a3 Bxc3+ 6. bxc3 Ne7 7. Qg4 Qc7 8.
Qxg7 Rg8 9. Qxh7 cxd4 10. Ne2 Nbc6 11. f4 Bd7 12. Qd3 dxc3 13. h4 Nf5 14. h5
Qb6 15. h6 O-O-O 16. h7 Rh8 17. g4 Nfe7 18. Nxc3 a6 19. Rb1 Qa7 20. Be3 d4 21.
Bf2 Ng6 22. Ne4 Be8 23. Bg3 Nge7 24. Nd6+ Rxd6 25. exd6 Nd5 26. Bg2 Ne3 27. Be4
Qc5 28. f5 Bd7 29. fxe6 Bxe6 30. Rh5 f5 31. d7+ Bxd7 32. gxf5 b5 33. c3 Ne5 34.
Bxe5 Qxe5 35. cxd4 Qf4 36. Ke2 Be8 37. Rhh1 Ng4 38. Qf3 Qg5 39. Rbc1+ Kd8 40.
Qg3 1-0

[Event "TIPC 2010"]
[Site "Charleroi"]
[Date "2010.08.05"]
[Round "7.11"]
[White "Baguet, Frédéric"]
[Black "Houriez, Clément"]
[Result "0-1"]
[WhiteElo "2017"]
[BlackElo "2259"]
[PlyCount "96"]

1. d4 Nf6 2. Nc3 d5 3. e4 Nxe4 4. Nxe4 dxe4 5. Bc4 Nc6 6. c3 e5 7. d5 Nb8 8.
Qh5 Bd6 9. f3 O-O 10. fxe4 f5 11. Bg5 Qe8 12. Qxe8 Rxe8 13. exf5 Bxf5 14. Nf3
h6 15. Be3 Nd7 16. O-O Bh7 17. Bb5 Re7 18. Rad1 a6 19. Be2 Rf7 20. Nd2 Rxf1+
21. Rxf1 b5 22. Bg4 Nc5 23. b4 Na4 24. Be6+ Kh8 25. Rc1 Nb2 26. a3 Bd3 27. g3
a5 28. Bf2 axb4 29. axb4 Ra4 30. Nb3 Bc4 31. Na5 Bd3 32. Nb3 Ra2 33. Nc5 Bc4
34. Rc2 Ra1+ 35. Kg2 Bf1+ 36. Kf3 Nc4 37. Nb3 Ra3 38. Nc5 Ra1 39. Nb3 Rd1 40.
Kg4 e4 41. Bd4 e3 42. Ra2 Kh7 43. Ra8 Ne5+ 44. Bxe5 Bxe5 45. Kf5 Bd3+ 46. Kxe5
e2 47. Bg8+ Kg6 48. Kf4 Rf1+ 0-1

[Event "TIPC 2010"]
[Site "Charleroi"]
[Date "2010.08.05"]
[Round "7.12"]
[White "Cornil, Etienne"]
[Black "Duhayon, Yves"]
[Result "1/2-1/2"]
[WhiteElo "1994"]
[BlackElo "2211"]
[PlyCount "80"]

1. d4 Nf6 2. c4 e6 3. Nc3 d5 4. cxd5 exd5 5. Bg5 c6 6. e3 Be7 7. Bd3 Nbd7 8.
Qc2 Nf8 9. Nge2 Ne6 10. Bh4 g6 11. O-O O-O 12. Rab1 Ng7 13. b4 a6 14. a4 Bf5
15. b5 a5 16. Rfd1 Bxd3 17. Qxd3 Nf5 18. Bg5 Re8 19. h3 h6 20. Bf4 h5 21. Kf1
h4 22. Ng1 Nh5 23. Nf3 Nxf4 24. exf4 f6 25. Ne2 Bb4 26. g4 hxg3 27. Nxg3 Nxg3+
28. fxg3 Re4 29. Nd2 Bxd2 30. Rxd2 Qd7 31. Kg2 Rae8 32. bxc6 bxc6 33. Rdb2 Qf5
34. Rb8 Rxb8 35. Rxb8+ Kg7 36. Qa6 Re7 37. Rb7 Qe4+ 38. Kh2 g5 39. fxg5 fxg5
40. Qxc6 Qe2+ 1/2-1/2

[Event "TIPC 2010"]
[Site "Charleroi"]
[Date "2010.08.05"]
[Round "7.13"]
[White "Vanderwaeren, Serge"]
[Black "Vanhee , Freddy"]
[Result "1/2-1/2"]
[WhiteElo "2168"]
[BlackElo "1960"]
[PlyCount "134"]

1. Nf3 d5 2. e3 e6 3. c4 c6 4. Nc3 Bd6 5. e4 dxe4 6. Nxe4 Be7 7. d4 Nf6 8. Bd3
Nbd7 9. O-O Nxe4 10. Bxe4 Nf6 11. Bc2 O-O 12. Bg5 Ne8 13. Qd3 f5 14. Bxe7 Qxe7
15. Rfe1 Qf6 16. Ne5 Nc7 17. Rad1 Rd8 18. Qg3 Bd7 19. Nd3 Ne8 20. Bb3 Rac8 21.
Nc5 Rc7 22. d5 cxd5 23. cxd5 Rxc5 24. dxe6 Bxe6 25. Rxd8 Qxd8 26. Bxe6+ Kh8 27.
Qe3 Qe7 28. Qd2 Qc7 29. Bxf5 Nf6 30. Bb1 Kg8 31. h3 Rd5 32. Qe3 b6 33. a3 Kf8
34. g4 Rd8 35. Rc1 Qd6 36. g5 Nh5 37. Ba2 Qf4 38. Rc2 Re8 39. Qxf4+ Nxf4 40. h4
Ng6 41. h5 Nf4 42. h6 Nh3+ 43. Kg2 Nxg5 44. hxg7+ Kxg7 45. Rc7+ Kf6 46. f4 Ne6
47. Rxa7 Nxf4+ 48. Kf3 Nd3 49. Rb7 Ne5+ 50. Kg3 Kg5 51. Rxh7 Nd3 52. Rg7+ Kh6
53. Rb7 Re3+ 54. Kg4 Nxb2 55. Bb1 Nd3 56. Rxb6+ Kg7 57. Ra6 Kf7 58. a4 Ke7 59.
a5 Kd7 60. Rh6 Nc5 61. Bf5+ Kc7 62. Rh8 Ra3 63. Rc8+ Kd6 64. Ra8 Kc6 65. Bc8
Kb5 66. a6 Nxa6 67. Kf5 Ra5 1/2-1/2

[Event "TIPC 2010"]
[Site "Charleroi"]
[Date "2010.08.05"]
[Round "7.14"]
[White "Barbier, Wim"]
[Black "Russo, Bruno"]
[Result "1/2-1/2"]
[WhiteElo "2151"]
[BlackElo "1949"]
[PlyCount "39"]

1. c4 e5 2. g3 Nf6 3. Bg2 c6 4. d3 d5 5. cxd5 cxd5 6. Nf3 Nc6 7. O-O Bc5 8. Bg5
O-O 9. Nc3 Be6 10. Rc1 Bb6 11. e3 h6 12. Bxf6 Qxf6 13. Na4 Rfd8 14. Nxb6 axb6
15. a3 e4 16. Ne1 Qxb2 17. Rb1 Qxa3 18. Rxb6 Ne5 19. Rxb7 Qa6 20. Rb4 1/2-1/2

[Event "TIPC 2010"]
[Site "Charleroi"]
[Date "2010.08.06"]
[Round "7.15"]
[White "Timmermans, Daniel"]
[Black "Uhoda, Philippe"]
[Result "0-1"]
[WhiteElo "1960"]
[BlackElo "2143"]
[PlyCount "132"]

1. d4 d6 2. c4 g6 3. e4 Bg7 4. Nc3 Nf6 5. f4 O-O 6. Nf3 Na6 7. e5 Nd7 8. c5
dxc5 9. d5 Nb6 10. Be3 Nb4 11. Bxc5 N4xd5 12. Nxd5 Nxd5 13. g3 c6 14. Qd2 b6
15. Bf2 Qc7 16. Be2 Rd8 17. Rc1 Bb7 18. O-O Nf6 19. Qb4 Ng4 20. Be1 Ne3 21. Rf2
Ng4 22. Rf1 c5 23. Qc3 h5 24. h3 Nh6 25. Bf2 a5 26. Kh2 Qd7 27. Rg1 Rac8 28.
Qb3 Qc7 29. Be1 Bd5 30. Qc2 Nf5 31. Bf2 Qb7 32. Ne1 Nd4 33. Bxd4 cxd4 34. Qd2
Rxc1 35. Qxc1 Bxa2 36. Qd2 Be6 37. Bf3 Qc8 38. g4 hxg4 39. hxg4 Bd5 40. Bxd5
Rxd5 41. Nd3 Rd7 42. Rc1 Rc7 43. Rxc7 Qxc7 44. Ne1 Qc4 45. Nf3 d3 46. Ne1 g5
47. Nxd3 gxf4 48. Qe2 Qd4 49. g5 Qe3 50. Qxe3 fxe3 51. Kg2 Kh7 52. Kf3 Kg6 53.
Kxe3 Kxg5 54. Ke4 e6 55. b3 f6 56. exf6 Kxf6 57. Ne5 b5 58. Nc6 a4 59. bxa4
bxa4 60. Nb4 a3 61. Kd4 Kf5+ 62. Kc4 e5 63. Kb3 e4 64. Nd5 Bf8 65. Ne3+ Kf4 66.
Nd5+ Kf3 0-1

[Event "TIPC 2010"]
[Site "Charleroi"]
[Date "2010.08.05"]
[Round "7.16"]
[White "Lombard, Philippe"]
[Black "Hody, Pierre"]
[Result "1-0"]
[WhiteElo "1988"]
[BlackElo "2139"]
[PlyCount "94"]

1. d4 f5 2. e4 fxe4 3. Nc3 Nf6 4. f3 d5 5. fxe4 dxe4 6. Bg5 Bf5 7. Bc4 e6 8. d5
exd5 9. Bxd5 c6 10. Bf7+ Ke7 11. Qxd8+ Kxd8 12. O-O-O+ Nbd7 13. Nge2 Be7 14.
Nd4 Bg4 15. Ne6+ Bxe6 16. Bxe6 Ke8 17. Nxe4 Rd8 18. Nd6+ Bxd6 19. Rxd6 Ke7 20.
Rhd1 Nc5 21. Rxd8 Rxd8 22. Rxd8 Kxd8 23. Bf5 h6 24. Bxf6+ gxf6 25. Kd2 Ke7 26.
Ke3 Na4 27. b3 Nc3 28. a4 Nd5+ 29. Kf3 Kd6 30. Bd3 Ke5 31. Kg4 f5+ 32. Kh5 Nf4+
33. Kxh6 Nxg2 34. Kg5 f4 35. h4 f3 36. h5 Nf4 37. h6 Ne6+ 38. Kg6 Nf4+ 39. Kf7
Nxd3 40. h7 Nf4 41. h8=Q+ Ke4 42. Qe8+ Kd4 43. Qe1 Ng2 44. Qf2+ Ke4 45. Qxa7
Ne3 46. Qxb7 f2 47. Qxc6+ Kd4 1-0

[Event "TIPC 2010"]
[Site "Charleroi"]
[Date "2010.08.05"]
[Round "7.17"]
[White "Winants, Henri"]
[Black "Mastalerz, Xavier"]
[Result "1/2-1/2"]
[WhiteElo "1953"]
[BlackElo "2120"]
[PlyCount "42"]

1. d4 e6 2. e4 d5 3. e5 c5 4. c3 Nc6 5. Nf3 Nh6 6. Bd3 f6 7. O-O Nf7 8. Re1
fxe5 9. Nxe5 Ncxe5 10. dxe5 Qc7 11. c4 d4 12. Na3 Bd7 13. Bf4 g5 14. Bg3 O-O-O
15. Nb5 Bxb5 16. cxb5 Bg7 17. Qb3 Rde8 18. Bc4 Nd8 19. a4 h5 20. a5 Qe7 21. h3
Rhf8 1/2-1/2

[Event "TIPC 2010"]
[Site "Charleroi"]
[Date "2010.08.05"]
[Round "7.18"]
[White "Burnay, Gérard"]
[Black "Remy, Joel"]
[Result "0-1"]
[WhiteElo "1938"]
[BlackElo "2106"]
[PlyCount "94"]

1. e4 d6 2. d4 Nf6 3. Nc3 g6 4. f4 Bg7 5. Nf3 O-O 6. e5 Nfd7 7. Bc4 Nb6 8. Bd3
Nc6 9. Ne4 dxe5 10. dxe5 Nb4 11. Be2 Bf5 12. Nfg5 Qxd1+ 13. Kxd1 Rad8+ 14. Bd2
h6 15. g4 Bxg4 16. Bxg4 hxg5 17. Kc1 Rd4 18. Nxg5 Bxe5 19. Nf3 Rxd2 20. Kxd2
Bxf4+ 21. Kc3 N4d5+ 22. Kb3 e5 23. Rae1 c5 24. c4 Nf6 25. Rhg1 Nxg4 26. Rxg4
Nd7 27. Rg2 Kg7 28. Kc2 f5 29. Rd1 Nf6 30. Nh4 Ng4 31. Rd7+ Rf7 32. Rxf7+ Kxf7
33. Kd3 Bxh2 34. Ke2 e4 35. Rxg4 fxg4 36. Ke3 g5 37. Ng2 Bf4+ 38. Kxe4 Bc1 39.
b3 Kf6 40. a4 Bd2 41. Kd3 Bf4 42. Ke4 g3 43. Kd5 Kf5 44. Kxc5 Ke4 45. a5 Bd2
46. a6 bxa6 47. Kd6 Kf3 0-1

[Event "TIPC 2010"]
[Site "Charleroi"]
[Date "2010.08.05"]
[Round "7.19"]
[White "Van Vliet, Dennis"]
[Black "Denivet, Axel"]
[Result "1-0"]
[WhiteElo "2076"]
[BlackElo "1904"]
[PlyCount "91"]

1. d4 Nf6 2. c4 e6 3. Nc3 Bb4 4. a3 Bxc3+ 5. bxc3 c5 6. f3 Qa5 7. Bd2 Qd8 8. e4
Nxe4 9. fxe4 Qh4+ 10. Ke2 Qxe4+ 11. Be3 O-O 12. Kf2 b6 13. Bd3 Qc6 14. Nf3 Bb7
15. Rf1 f5 16. Qd2 d6 17. Kg1 Nd7 18. Bf4 Rae8 19. Ng5 cxd4 20. cxd4 e5 21. d5
Qc8 22. Be3 Nc5 23. Bxc5 Qxc5+ 24. Qf2 Qxf2+ 25. Rxf2 g6 26. g4 fxg4 27. Raf1
Rxf2 28. Rxf2 Rf8 29. Rxf8+ Kxf8 30. Nxh7+ Kg7 31. Ng5 Bc8 32. Kf2 Bf5 33. Ne4
Kf8 34. Ke3 Ke7 35. Be2 Kd7 36. Bxg4 Ke7 37. Bxf5 gxf5 38. Nc3 a6 39. Na4 Kf6
40. Nxb6 Kg5 41. Kf3 e4+ 42. Ke3 Kf6 43. Kf4 Ke7 44. h4 Kd8 45. h5 Ke7 46. Nc8+
1-0

[Event "TIPC 2010"]
[Site "Charleroi"]
[Date "2010.08.05"]
[Round "7.20"]
[White "Mattheys, Eddy"]
[Black "Di Cosmo, Jonathan"]
[Result "0-1"]
[WhiteElo "1937"]
[BlackElo "2019"]
[PlyCount "82"]

1. d4 d5 2. c4 c6 3. Nf3 Nf6 4. Nc3 dxc4 5. a4 Bf5 6. Ne5 Nbd7 7. Nxc4 Qc7 8.
g3 e5 9. dxe5 Nxe5 10. Nxe5 Qxe5 11. Bg2 Bb4 12. Qb3 Qe7 13. O-O O-O 14. Bg5 a5
15. Rad1 h6 16. Bxf6 Qxf6 17. e3 Rad8 18. h3 Qg6 19. e4 Be6 20. Qc2 Bc4 21. Ne2
Ba6 22. Kh2 Qe6 23. b3 Bxe2 24. Qxe2 Qxb3 25. e5 Rfe8 26. f4 Qxa4 27. Rxd8 Rxd8
28. e6 fxe6 29. Qxe6+ Kh8 30. f5 Qc2 31. f6 Qg6 32. Be4 Qe8 33. fxg7+ Kxg7 34.
Qf6+ Kg8 35. Rf4 Rd2+ 36. Kh1 Rd1+ 37. Kg2 Rd2+ 38. Kf1 Rd1+ 39. Ke2 Re1+ 40.
Kf3 Qxe4+ 41. Kg4 Qe6+ 0-1

[Event "TIPC 2010"]
[Site "Charleroi"]
[Date "2010.08.06"]
[Round "8.1"]
[White "Vandevoort, Pascal"]
[Black "Rausis, Igor"]
[Result "1/2-1/2"]
[WhiteElo "2345"]
[BlackElo "2466"]
[PlyCount "51"]

1. d4 d5 2. c4 dxc4 3. e4 e5 4. Nf3 exd4 5. Bxc4 Nc6 6. O-O Be6 7. Bb5 Bc5 8.
b4 Bb6 9. a4 a6 10. Bxc6+ bxc6 11. Bb2 Nf6 12. a5 Ba7 13. Nbd2 O-O 14. Qc2 Re8
15. Rfe1 Ng4 16. Qxc6 d3 17. Rf1 Qd7 18. Rac1 Qxc6 19. Rxc6 Reb8 20. h3 Nf6 21.
Bc3 Ne8 22. Ne5 Bc8 23. Rc4 Be6 24. Rc6 Bc8 25. Rc4 Be6 26. Rc6 1/2-1/2

[Event "TIPC 2010"]
[Site "Charleroi"]
[Date "2010.08.06"]
[Round "8.2"]
[White "Vandenbussche, Thibaut"]
[Black "Claesen, Pieter"]
[Result "0-1"]
[WhiteElo "2317"]
[BlackElo "2350"]
[PlyCount "76"]

1. e4 e6 2. d4 d5 3. e5 c5 4. c3 Qb6 5. Nf3 Nc6 6. Be2 cxd4 7. cxd4 Nh6 8. Bd3
Nb4 9. Bxh6 Nxd3+ 10. Qxd3 gxh6 11. Nc3 Bd7 12. O-O Bg7 13. Ne2 O-O 14. Qd2 Bb5
15. Rfd1 Bxe2 16. Qxe2 Rfc8 17. Rd3 Rc6 18. Rb3 Qc7 19. Ne1 Rf8 20. Rg3 f6 21.
exf6 Rxf6 22. Nd3 Rc4 23. Nc5 Rg6 24. Re1 e5 25. b3 Rb4 26. Rxg6 hxg6 27. Ne6
Qe7 28. Nxg7 Rxd4 29. f3 Kxg7 30. Qxe5+ Qxe5 31. Rxe5 Rd2 32. Re7+ Kf6 33. Rxb7
Rxa2 34. Rb4 a5 35. Rd4 Ke5 36. Rd3 Ra3 37. Kf2 a4 38. f4+ Ke4 0-1

[Event "TIPC 2010"]
[Site "Charleroi"]
[Date "2010.08.06"]
[Round "8.3"]
[White "Lacroix, Bruno"]
[Black "Wirig, Anthony"]
[Result "0-1"]
[WhiteElo "2165"]
[BlackElo "2489"]
[PlyCount "62"]

1. d4 d5 2. Nf3 c6 3. e3 Bf5 4. c4 e6 5. Qb3 Qb6 6. Nc3 Nd7 7. c5 Qc7 8. Nh4
Bg4 9. e4 Be7 10. Nf3 Bxf3 11. gxf3 Ngf6 12. Be2 g6 13. e5 Nh5 14. Bh6 Bf8 15.
Be3 Ng7 16. Qc2 Nf5 17. Qd2 b6 18. cxb6 axb6 19. O-O Be7 20. f4 O-O 21. Bd3 Ng7
22. Rfb1 c5 23. Nb5 Qb8 24. a3 f6 25. b4 fxe5 26. fxe5 cxd4 27. Bxd4 Nxe5 28.
Bxe5 Qxe5 29. Re1 Qh5 30. Qe2 Rf3 31. Rad1 Raf8 0-1

[Event "TIPC 2010"]
[Site "Charleroi"]
[Date "2010.08.06"]
[Round "8.4"]
[White "Van der Stricht, Geert"]
[Black "Simon , Olivier"]
[Result "1-0"]
[WhiteElo "2393"]
[BlackElo "2339"]
[PlyCount "57"]

1. d4 Nf6 2. c4 g6 3. Nc3 Bg7 4. e4 d6 5. Be2 O-O 6. Nf3 e5 7. O-O Nc6 8. d5
Ne7 9. b4 c6 10. Rb1 cxd5 11. cxd5 Nh5 12. Nd2 Nf4 13. Nc4 f5 14. Re1 Nxe2+ 15.
Rxe2 f4 16. Rc2 Rf6 17. a4 g5 18. b5 b6 19. Na2 g4 20. Ba3 Rh6 21. g3 Bf8 22.
Nxe5 dxe5 23. d6 Be6 24. dxe7 Bxe7 25. Rd2 Bxa2 26. Bxe7 Qxe7 27. Rxa2 Qe6 28.
Rc2 Rf8 29. Rc6 1-0

[Event "TIPC 2010"]
[Site "Charleroi"]
[Date "2010.08.06"]
[Round "8.5"]
[White "Maes, Wim"]
[Black "Maraite, Grégory"]
[Result "1/2-1/2"]
[WhiteElo "2232"]
[BlackElo "2098"]
[PlyCount "48"]

1. e4 c5 2. Nf3 d6 3. d3 Nc6 4. g3 g6 5. Bg2 Bg7 6. O-O e5 7. Nc3 Nge7 8. Nd2
O-O 9. Nc4 Be6 10. a4 Qd7 11. Nd5 Kh8 12. c3 f5 13. f4 Bg8 14. Be3 exf4 15.
Bxf4 Nxd5 16. exd5 Ne5 17. Qb3 Nxc4 18. Qxc4 Rae8 19. Rfe1 Bf7 20. Qb5 Qc7 21.
Kf1 h6 22. h4 Kh7 23. a5 Be5 24. Qc4 Bf6 1/2-1/2

[Event "TIPC 2010"]
[Site "Charleroi"]
[Date "2010.08.06"]
[Round "8.6"]
[White "Remy, Joel"]
[Black "Hautot, Stéphane"]
[Result "1/2-1/2"]
[WhiteElo "2106"]
[BlackElo "2422"]
[PlyCount "29"]

1. d4 d5 2. c4 c6 3. cxd5 cxd5 4. Nc3 Nc6 5. Nf3 Nf6 6. Bf4 a6 7. e3 g6 8. Be2
Bg7 9. O-O O-O 10. Rc1 Nh5 11. Bg5 Be6 12. Ne1 Nf6 13. Nd3 Re8 14. Nf4 Qd6 15.
Bf3 1/2-1/2

[Event "TIPC 2010"]
[Site "Charleroi"]
[Date "2010.08.06"]
[Round "8.7"]
[White "Houriez, Clément"]
[Black "Russo, Julien"]
[Result "1-0"]
[WhiteElo "2259"]
[BlackElo "2084"]
[PlyCount "105"]

1. d4 d5 2. c4 c6 3. Nf3 Nf6 4. e3 e6 5. Nc3 Nbd7 6. Qc2 Bd6 7. Bd3 dxc4 8.
Bxc4 b5 9. Be2 Bb7 10. O-O O-O 11. e4 e5 12. Rd1 Qc7 13. g3 b4 14. Na4 c5 15.
d5 Nb6 16. Nxb6 axb6 17. b3 Ba6 18. a4 bxa3 19. Bxa3 Rfc8 20. Bxa6 Rxa6 21. Bb2
Rca8 22. Rxa6 Rxa6 23. Kg2 Ne8 24. Qe2 Ra2 25. Ra1 Rxa1 26. Bxa1 f6 27. Qb5 Kf8
28. Nd2 Qa7 29. Bc3 Ke7 30. Qc6 Qc7 31. Qb5 Qa7 32. Qc6 Qc7 33. Qa4 Qb7 34. h4
Bc7 35. h5 b5 36. Qa1 Nd6 37. Qd1 Kf7 38. Qe2 g6 39. Qe3 Bb6 40. Qh6 gxh5 41.
Bxe5 Ne8 42. Qxh7+ Ng7 43. Nf3 fxe5 44. Ng5+ Ke8 45. Qg8+ Kd7 46. Qxg7+ Kc8 47.
Qf8+ Kd7 48. Ne6 Qc8 49. Qg7+ Kd6 50. Ng5 c4 51. b4 c3 52. Nf7+ Ke7 53. Nxe5+
1-0

[Event "TIPC 2010"]
[Site "Charleroi"]
[Date "2010.08.06"]
[Round "8.8"]
[White "Van Vlaenderen, Koen"]
[Black "Bolzoni, Victor-Angel"]
[Result "0-1"]
[WhiteElo "2056"]
[BlackElo "2240"]
[PlyCount "72"]

1. e4 c5 2. Nf3 Nc6 3. d4 cxd4 4. Nxd4 Nf6 5. Nc3 e6 6. Bg5 h6 7. Be3 Bb4 8.
Qf3 Bxc3+ 9. bxc3 Qa5 10. Bd2 Qe5 11. Nb5 O-O 12. Bd3 Nb4 13. Nd4 Nxd3+ 14.
cxd3 d5 15. Bf4 dxe4 16. Bxe5 exf3 17. Nxf3 b6 18. Rg1 Rd8 19. Ke2 Ba6 20. c4
Nd7 21. a4 Nc5 22. Rgd1 f6 23. Bb2 e5 24. Ke3 Rd7 25. Ne1 Rad8 26. Ba3 Nb3 27.
Rab1 Bxc4 28. Rb2 Nd4 29. Bb4 Bb3 30. Ra1 a5 31. Ba3 Kf7 32. Rab1 Bxa4 33. Rxb6
Nc2+ 34. Nxc2 Rxd3+ 35. Ke4 Bxc2 36. R1b2 R8d4+ 0-1

[Event "TIPC 2010"]
[Site "Charleroi"]
[Date "2010.08.06"]
[Round "8.9"]
[White "Godart, François"]
[Black "Van Vliet, Dennis"]
[Result "1-0"]
[WhiteElo "2240"]
[BlackElo "2076"]
[PlyCount "113"]

1. d4 d5 2. c4 e6 3. Nc3 c5 4. cxd5 exd5 5. Nf3 Nc6 6. g3 Nf6 7. Bg2 Be7 8. O-O
O-O 9. Bg5 c4 10. Ne5 Be6 11. b3 Qa5 12. Qd2 Rad8 13. Nxc6 bxc6 14. bxc4 dxc4
15. Bxc6 Bb4 16. Rfc1 Qb6 17. Bxf6 gxf6 18. Bf3 Qxd4 19. Qxd4 Rxd4 20. Nb5 Rd7
21. Bc6 Rd2 22. e3 Rc8 23. Be4 c3 24. a3 Ba5 25. Nxa7 Rc4 26. Bc2 Rc5 27. a4
Bf5 28. Ra2 Bxc2 29. Raxc2 Rf5 30. Rxd2 cxd2 31. Rd1 Rc5 32. Kf1 Rc4 33. Nb5
Rxa4 34. Nd4 Ra3 35. Nf3 Ra2 36. Ke2 Kg7 37. Nxd2 Bxd2 38. Rxd2 Ra1 39. Kf3 Rb1
40. g4 Ra1 41. h4 Rb1 42. Kf4 Ra1 43. e4 Rb1 44. Kf5 h6 45. f4 Rb6 46. Rd7 Ra6
47. g5 fxg5 48. hxg5 hxg5 49. Kxg5 Rg6+ 50. Kf5 Rf6+ 51. Ke5 Ra6 52. f5 Ra5+
53. Kf4 Ra1 54. e5 Ra4+ 55. Kg5 Kf8 56. Kf6 Ra6+ 57. e6 1-0

[Event "TIPC 2010"]
[Site "Charleroi"]
[Date "2010.08.06"]
[Round "8.10"]
[White "Sclacmender, Julien"]
[Black "Lombart, Philippe"]
[Result "1-0"]
[WhiteElo "2214"]
[BlackElo "1988"]
[PlyCount "75"]

1. e4 e5 2. Nf3 Nc6 3. d4 exd4 4. Nxd4 g6 5. Nc3 Bg7 6. Be3 Nf6 7. f3 O-O 8.
Qd2 Re8 9. O-O-O d5 10. Bb5 Bd7 11. exd5 Ne5 12. Bg5 Bxb5 13. Ndxb5 a6 14. Nd4
b5 15. h4 Nc4 16. Qf2 h6 17. Bf4 Nxd5 18. Nxd5 Qxd5 19. b3 Qc5 20. c3 Qa3+ 21.
Kb1 c5 22. Nc6 Rac8 23. Bc1 Rxc6 24. Bxa3 Nxa3+ 25. Kc1 Bxc3 26. Rd3 Bd4 27.
Qd2 Rce6 28. Kd1 b4 29. Qxh6 Bg7 30. Qd2 Nb5 31. Rd8 Nc3+ 32. Kc2 Rxd8 33.
Qxd8+ Kh7 34. h5 Re2+ 35. Kd3 Bh6 36. hxg6+ Kg7 37. Rxh6 Kxh6 38. gxf7 1-0

[Event "TIPC 2010"]
[Site "Charleroi"]
[Date "2010.08.06"]
[Round "8.11"]
[White "Uhoda, Philippe"]
[Black "Hulpia, Fabian"]
[Result "1/2-1/2"]
[WhiteElo "2143"]
[BlackElo "2069"]
[PlyCount "43"]

1. d4 d5 2. c4 c6 3. Nf3 Nf6 4. Nc3 a6 5. e3 b5 6. b3 Bg4 7. Be2 e6 8. O-O Nbd7
9. h3 Bh5 10. Bb2 Bd6 11. Ne5 Bxe2 12. Nxe2 bxc4 13. bxc4 O-O 14. Qc2 Qc7 15.
cxd5 cxd5 16. Qxc7 Bxc7 17. Nxd7 Nxd7 18. Rfc1 Rfc8 19. Ba3 Nb6 20. Rab1 Nc4
21. Bc5 Rcb8 22. g3 1/2-1/2

[Event "TIPC 2010"]
[Site "Charleroi"]
[Date "2010.08.06"]
[Round "8.12"]
[White "Di Cosmo, Jonathan"]
[Black "Vanderwaeren, Serge"]
[Result "1/2-1/2"]
[WhiteElo "2019"]
[BlackElo "2168"]
[PlyCount "56"]

1. d4 Nf6 2. c4 e6 3. Nc3 c5 4. d5 exd5 5. cxd5 d6 6. e4 g6 7. h3 Bg7 8. Nf3 a6
9. a4 O-O 10. Bd3 Nbd7 11. Bf4 Qe7 12. O-O Nh5 13. Bg5 Bf6 14. Bxf6 Qxf6 15.
Qd2 Nf4 16. Qe3 Ne5 17. Nxe5 Qxe5 18. Qf3 b6 19. Rab1 Bd7 20. Rfe1 Nxd3 21.
Qxd3 Rfe8 22. Re3 f5 23. Rbe1 f4 24. R3e2 Rf8 25. f3 Ra7 26. b3 Be8 27. Ra2 g5
28. Nd1 b5 1/2-1/2

[Event "TIPC 2010"]
[Site "Charleroi"]
[Date "2010.08.06"]
[Round "8.13"]
[White "Geboers, Jimmy"]
[Black "Van Mechelen, Jan"]
[Result "0-1"]
[WhiteElo "1963"]
[BlackElo "2278"]
[PlyCount "72"]

1. d4 Nf6 2. c4 c5 3. d5 b5 4. cxb5 a6 5. bxa6 g6 6. Nc3 Bxa6 7. e4 Bxf1 8.
Kxf1 d6 9. Nf3 Nbd7 10. h3 Bg7 11. g3 O-O 12. Kg2 Ra6 13. Re1 Qa8 14. Qc2 e6
15. dxe6 fxe6 16. Kg1 d5 17. exd5 exd5 18. Ne5 Nxe5 19. Rxe5 Ng4 20. Re2 Nxf2
21. Rxf2 Bd4 22. Nd1 Raf6 23. Be3 Bxe3 24. Nxe3 Rxf2 25. Qxc5 Qb8 26. Qxd5+
R8f7 27. Nf1 Qb6 28. Kh1 Qf6 29. Ne3 Qxb2 30. Rf1 Rxf1+ 31. Nxf1 Qf2 32. Nd2
Qxg3 33. Qd8+ Kg7 34. Qd4+ Kh6 35. Qd5 Qe1+ 36. Kg2 Rf2+ 0-1

[Event "TIPC 2010"]
[Site "Charleroi"]
[Date "2010.08.06"]
[Round "8.14"]
[White "Vanhee, Freddy"]
[Black "Henris , Luc"]
[Result "0-1"]
[WhiteElo "1960"]
[BlackElo "2213"]
[PlyCount "118"]

1. d4 d5 2. c3 Nc6 3. Bf4 Nf6 4. e3 g6 5. Bd3 Bg7 6. Nd2 Nh5 7. Ngf3 O-O 8. O-O
f6 9. Bg3 Nxg3 10. fxg3 e5 11. dxe5 fxe5 12. e4 d4 13. Qb3+ Kh8 14. cxd4 Nxd4
15. Nxd4 Qxd4+ 16. Kh1 Rd8 17. Rad1 Bg4 18. Nf3 Qb6 19. Bc4 Bxf3 20. gxf3 Rd4
21. Qxb6 axb6 22. Rxd4 exd4 23. Rd1 b5 24. Bxb5 Rxa2 25. Rd2 c6 26. Bc4 Ra1+
27. Kg2 Rc1 28. b3 b5 29. Bf7 c5 30. f4 c4 31. bxc4 bxc4 32. e5 d3 33. Kf3 Bf8
34. Bxc4 Rxc4 35. Rxd3 Rc7 36. h4 Kg7 37. Rb3 Be7 38. Rd3 Kf7 39. Rb3 h5 40.
Ke4 Rc4+ 41. Kd5 Rc1 42. Ke4 Re1+ 43. Kd5 Rd1+ 44. Ke4 Bc5 45. Rc3 Rd4+ 46. Kf3
Rd5 47. Ke4 Ke6 48. Rc4 Rd1 49. Rxc5 Re1+ 50. Kf3 Rf1+ 51. Kg2 Ra1 52. Rc6+ Kf7
53. Rf6+ Kg7 54. f5 gxf5 55. Rxf5 Ra2+ 56. Kf3 Ra3+ 57. Kf4 Ra4+ 58. Kg5 Rg4+
59. Kxh5 Rxg3 0-1